| 000 | 00402nam a2200109Ia 4500 | ||
|---|---|---|---|
| 008 | 160909s9999 xx 000 0 und d | ||
| 100 | _aOjeda, Lupe, | ||
| 245 | _aCaxcan truth found in Nochistlan, Zacatecas: In xochitl in cuicatl, el Mexico profundo | ||
| 260 |
_bCalifornia State University, Long Beach. _c2016 |
||
| 650 | _aTOURISM | ||
| 856 | _uhttp://pqdtopen.proquest.com/doc/1786692195.html?FMT=ABS | ||
| 999 |
_c304896 _d304896 |
||